Countries by Extreme Temperature Difference - Statistics

General Stats
  • This quiz has been taken 51 times
  • The average score is 33 of 40
Answer Stats
Coldest Temp Hottest Temp Difference Answer % Correct
−67.8 °C −90.0 °F 45.4 °C 113.7 °F 113.2 °C 203.8 °F Russia
100%
−63.0 °C −81.4 °F 49.6 °C 121.3 °F 112.6 °C 202.7 °F Canada
98%
−62.2 °C −80 °F 56.7 °C 134 °F 119 °C 214 °F United States
98%
−32.8 °C −27.0 °F 48.9 °C 120.0 °F 81.7 °C 147.1 °F Argentina
96%
−58 °C −72 °F 50.3 °C 122.5 °F 108.3 °C 194.9 °F China
96%
−60.0 °C −76.0 °F 51.0 °C 123.8 °F 111.0 °C 199.8 °F India
96%
−37.0 °C −34.6 °F 44.9 °C 112.8 °F 81.9 °C 147.4 °F Chile
94%
−36.7 °C −34.1 °F 46.0 °C 114.8 °F 87.0 °C 156.6 °F France
94%
−55.3 °C −67.5 °F 48.8 °C 119.8 °F 98.4 °C 177.1 °F Italy
90%
−52 °C −62 °F 53.7 °C 128.7 °F 105.7 °C 190.3 °F Pakistan
90%
−51.5 °C −60.7 °F 37.2 °C 99.0 °F 88.7 °C 159.7 °F Finland
88%
−57.0 °C −70.6 °F 49.1 °C 120.4 °F 106.1 °C 191.0 °F Kazakhstan
88%
−55.3 °C −67.5 °F 44.0 °C 111.2 °F 99.3 °C 178.7 °F Mongolia
88%
−53.0 °C −63.4 °F 38.0 °C 100.4 °F 91.0 °C 163.8 °F Sweden
88%
−45.9 °C −50.6 °F 42.6 °C 108.7 °F 88.5 °C 159.3 °F Germany
85%
−36.0 °C −32.8 °F 54 °C 129 °F 90 °C 160 °F Iran
85%
−35.8 °C −32.4 °F 47.3 °C 117.1 °F 83.1 °C 149.6 °F Spain
85%
−41.0 °C −41.8 °F 41.1 °C 106.0 °F 82.1 °C 147.8 °F Japan
83%
−51.4 °C −60.5 °F 35.6 °C 96.1 °F 88.0 °C 158.4 °F Norway
83%
−41.0 °C −41.8 °F 40.2 °C 104.4 °F 81.2 °C 146.2 °F Poland
83%
−41.9 °C −43.4 °F 42.0 °C 107.6 °F 83.9 °C 151.0 °F Ukraine
83%
−31.0 °C −23.8 °F 52.0 °C 125.6 °F 83.0 °C 149.4 °F Mexico
81%
−63.0 °C −81.4 °F 48.0 °C 118.4 °F 111.0 °C 199.8 °F Tajikistan
81%
−52.2 °C −62.0 °F 49.9 °C 121.8 °F 102.1 °C 183.8 °F Afghanistan
79%
−52.6 °C −62.7 °F 40.5 °C 104.9 °F 93.1 °C 167.6 °F Austria
79%
−46.4 °C −51.5 °F 49.1 °C 120.4 °F 95.5 °C 171.9 °F Turkey
77%
−69.6 °C −93.3 °F 30.1 °C 86.2 °F 96.1 °C 173.0 °F Denmark
75%
−53.6 °C −64.5 °F 44.0 °C 111.2 °F 97.6 °C 175.7 °F Kyrgyzstan
75%
−42.2 °C −44.0 °F 38.9 °C 102.0 °F 81.1 °C 146.0 °F Belarus
73%
−42.2 °C −44.0 °F 40.4 °C 104.7 °F 82.6 °C 148.7 °F Czech Republic
73%
−41.0 °C −41.8 °F 40.3 °C 104.5 °F 81.3 °C 146.3 °F Slovakia
73%
−36.0 °C −32.8 °F 50.1 °C 122.2 °F 86.1 °C 155.0 °F Turkmenistan
73%
−38.5 °C −37.3 °F 44.5 °C 112.1 °F 83.0 °C 149.4 °F Romania
71%
−41.8 °C −43.2 °F 41.5 °C 106.7 °F 83.3 °C 149.9 °F Switzerland
71%
−43.2 °C −45.8 °F 37.8 °C 100.0 °F 81.0 °C 145.8 °F Latvia
69%
−39.5 °C −39.1 °F 44.9 °C 112.8 °F 84.4 °C 151.9 °F Serbia
69%
−38.3 °C −36.9 °F 45.2 °C 113.4 °F 83.5 °C 150.3 °F Bulgaria
67%
−42.9 °C −45.2 °F 37.5 °C 99.5 °F 80.4 °C 144.7 °F Lithuania
67%
−42.5 °C −44.5 °F 46.2 °C 115.2 °F 88.7 °C 159.7 °F Bosnia and Herzegovina
63%
−42.0 °C −43.6 °F 43.7 °C 110.7 °F 85.7 °C 154.3 °F Armenia
50%
No matching quizzes found
Score Distribution
Percent of People with Each Score
Percentile by Number Answered
Your Score History
You have not taken this quiz